The Undertaker's Wrestlemania Streak Opponents. - Statistics

General Stats
  • This quiz has been taken 386 times
    361 since last reset
  • The average score is 18 of 26
Answer Stats
Hint Answer % Correct
Wrestlemania X-Seven Triple H
96%
Wrestlemania XXVII Triple H
96%
Wrestlemania XXVIII Triple H
96%
Wrestlemania XXV Shawn Michaels
93%
Wrestlemania XXVI Shawn Michaels
93%
Wrestlemania XXX Brock Lesnar
91%
Wrestlemania XIV Kane
90%
Wrestlemania XX Kane
90%
Wrestlemania 29 CM Punk
82%
Wrestlemania XXIV Edge
81%
Wrestlemania 21 Randy Orton
81%
Wrestlemania 23 Batista
79%
Wrestlemania XIX A-Train
77%
Wrestlemania XIX Big Show
77%
Wrestlemania X8 Ric Flair
68%
Wrestlemania 22 Mark Henry
65%
Wrestlemania IX Giant González
60%
Wrestlemania VII Jimmy Snuka
60%
Wrestlemania XII Diesel
53%
Wrestlemania VIII Jake Roberts
50%
Wrestlemania XI King Kong Bundy
50%
Wrestlemania XV The Big Bossman
41%
Wrestlemania 13 Sycho Sid
39%
Wrestlemania 33 Roman Reigns
35%
Wrestlemania 31 Bray Wyatt
32%
Wrestlemania 32 Shane McMahon
22%
No matching quizzes found
Score Distribution
Percent of People with Each Score
Percentile by Number Answered
Your Score History
You have not taken this quiz since the last reset